Statistics for Overseas Arab Population

Click here to take the quiz!

General Stats

  • This quiz has been taken 123 times
  • The average score is 8 of 13

Answer Stats

#Country% Correct
3.5 milUnited States
97%
6.0 milFrance
92%
12.0 milBrazil
75%
2.6 milTurkey
70%
4.5 milArgentina
62%
1.1 milMexico
61%
1.5 milColombia
60%
1.5 milIran
60%
1.0 milChile
58%
1.6 milVenezuela
56%
5.0 milIndonesia
49%
1.7 milIsrael
38%
1.4 milChad
11%

Score Distribution

Percentile by Number Answered

Percent of People with Each Score

Your Score History

You have not taken this quiz